Initially Yours: Literature Quiz Stats

 Plays Quiz Updated May 12, 2014

Support Sporcle.
Go Orange.
Score 0/60 Timer 09:00
1 Play Today
% Correct
The Da Vinci Code
83.9%
Romeo and Juliet
83.6%
Angels & Demons
79.6%
A Tale of Two Cities
76.5%
Wuthering Heights
76.5%
Great Expectations
75.9%
The Cat in the Hat
75.8%
Jane Eyre
75.6%
James and the Giant Peach
72.1%
Hermione Granger
71.8%
The March Hare
70%
Tom Riddle
69.8%
Matilda
67.8%
The Queen of Hearts
67.6%
Neville Longbottom
65.1%
A Christmas Carol
61.6%
Green Eggs and Ham
61.2%
As You Like It
59.3%
Prince Caspian
57.7%
The White Rabbit
57.5%
David Copperfield
57.1%
Hop on Pop
55.1%
The Cheshire Cat
53.8%
The Tempest
52.5%
Horton Hears a Who!
51.7%
TS Eliot
47.6%
Oh, the Places You'll Go!
46%
Humpty Dumpty
44.9%
Much Ado about Nothing
41.6%
Baa Baa Black Sheep
41.1%
% Correct
The Witches
39.9%
Measure for Measure
39.9%
Little Boy Blue
36.8%
The Silver Chair
36.4%
Old King Cole
35.9%
The Twits
34.9%
The Magician's Nephew
33.7%
Hard Times
33.6%
Nearly Headless Nick
33.1%
The Last Battle
32.9%
Jean-Paul Sartre
30.5%
Mary had a Little Lamb
30.3%
Kubla Khan
28.3%
The Lost Symbol
28.2%
The Horse and His Boy
27.9%
John Steinbeck
26.9%
Fantastic Mr Fox
26.4%
Digital Fortress
22.9%
The Road Not Taken
22.3%
Agnes Grey
21.5%
Vincent Crabbe
20.1%
Gabriel García Márquez
19.1%
Deception Point
17.6%
How Do I Love Thee
17.5%
O Captain! My Captain!
14.4%
The Tenant of Wildfell Hall
13.9%
Villette
12.8%
The Mock Turtle
11.8%
Ode on a Grecian Urn
8.9%
Günter Grass
6%

You're not logged in!

Compare scores with friends on all Sporcle quizzes.
OR
Log In
Forgot?

From the Vault

Non-Hits of the '70s!

by yippeeyappee

Music 15m
Some songs just need a little time to grow on you.
Remove Ads.
Support Sporcle.
Get the best of Sporcle when you Go Orange. This ad-free experience offers more features, more stats, and more fun while also helping to support Sporcle. Thank you for becoming a member.

Show Comments

Extras

Top Quizzes Today


Score Distribution

Your Account Isn't Verified!

In order to create a playlist on Sporcle, you need to verify the email address you used during registration. Go to your Sporcle Settings to finish the process.

Report this User

Report this user for behavior that violates our Community Guidelines.

Details: